| 000 | 02426nam0a2200445 4500 | ||
|---|---|---|---|
| 001 | RU\NLR\bibl\1045024 | ||
| 005 | 20260405124428.0 | ||
| 010 |
_a5-93002-139-2 _9500 |
||
| 021 |
_aRU _b2006-85558 _94337 |
||
| 035 | _a(nilc)RSL-KNO-003016040 | ||
| 035 | _a(NLR Aleph) 001032397 | ||
| 090 |
_a766926 _c766926 |
||
| 100 | _a20061226d2006 |||y0rusy50 ca | ||
| 101 | 0 |
_arus _aeng _ager _afre |
|
| 102 | _aRU | ||
| 105 | _ay zzzz||||| | ||
| 106 | _ar | ||
| 200 | 1 |
_aЮридическая природа органических законов _dJuridical nature of organic laws _zeng _dJuristische Natur der organischen Gesetze _zger _eмонография _fД. В. Васильев _gМ-во образования и науки Российской Федерации, Международный ун-т бизнеса и новых технологий (ин-т) |
|
| 210 |
_aЯрославль _cРИЦ МУБиНТ _d2006 |
||
| 215 |
_a151 с. _d20 |
||
| 300 | _aПарал. загл. также на фр. яз. | ||
| 300 | _aАвт. также на англ. яз.: D. Vasiliev, на нем. яз.: D Wasiljew, на фр. яз.: D. Vaciliev | ||
| 300 | _aНа 4-й с. обл. авт.: Васильев Д.В., к.ю.н., доц. | ||
| 300 | _aПредисл. парал. на рус., англ., нем., фр. яз. | ||
| 320 | _aБиблиогр.: с. 131-151 (317 назв. ) | ||
| 510 | 0 |
_6z45790 _aJuridical nature of organic laws |
|
| 510 | 0 |
_6z54790 _aJuristische Natur der organischen Gesetze |
|
| 606 | 1 |
_aПраво _xТеория _91132203 _3RU\NLR\auth\66130636 |
|
| 610 | 0 | _aГосударство и право. Юридические науки -- Общая теория государства и права -- Теория права -- Формы (источники) права | |
| 686 |
_aХ062.03,0 _2rubbk |
||
| 686 | _aХ0 | ||
| 700 | 1 |
_4070 _8rus _7ca _aВасильев _bД. В. _cканд. юрид. наук _gДенис Валентинович _3RU\NLR\auth\7749879 _932814 |
|
| 790 | 1 |
_4070 _8rus _7ba _aVasil'ev _bD. V. _cканд. юрид. наук _gDenis Valentinovič _3RU\NLR\auth\7749881 _932816 |
|
| 790 | 1 |
_4070 _8rus _7ba _aVasil'ev _bD. V. _cканд. юрид. наук _gDenis Valentinovič _3RU\NLR\auth\7749881 _932816 |
|
| 801 | 0 |
_aRU _bРКП _c20061226 |
|
| 801 | 1 |
_aRU _bРГБ _c20061226 |
|
| 801 | 2 |
_aRU _bNLR _c20070213 _grcr |
|
| 942 | _cBOOK | ||
| 980 | _aNB | ||